[Event "aut_ychb18 Bad Ischl"]
[Site "?"]
[Date "2007.03.31"]
[Round "1.1"]
[White "Pachta, Paul"]
[Black "Klocker, Benedikt"]
[Result "0-1"]
[WhiteElo "2256"]
[BlackElo "2008"]
[PlyCount "100"]
[EventDate "2007.03.31"]

1. e4 c5 2. Nf3 d6 3. d4 cxd4 4. Nxd4 Nf6 5. Nc3 g6 6. Be3 Bg7 7. f3 O-O 8. Qd2
Nc6 9. O-O-O d5 10. Nxc6 bxc6 11. Bh6 Be6 12. Bxg7 Kxg7 13. e5 Nd7 14. h4 h5
15. g4 hxg4 16. fxg4 Bxg4 17. Re1 e6 18. Qf4 Bh5 19. Ne2 Qa5 20. Nc3 Rab8 21.
a3 Qc5 22. Na4 Qe7 23. Rg1 f6 24. Be2 Bxe2 25. Rxe2 fxe5 26. Qg3 Rf6 27. h5 Rh8
28. Rh2 Rh6 29. Qe3 Qf8 30. Qe2 Rf5 31. Nc3 Qf6 32. Nd1 Rg5 33. Rf2 Qe7 34.
hxg6 Rhxg6 35. Rh1 Rg1 36. Rh5 R6g5 37. Rh3 Rf5 38. Rg2+ Rxg2 39. Qxg2+ Qg5+
40. Qxg5+ Rxg5 41. Rc3 c5 42. Rb3 Nb6 43. Rb5 c4 44. Ra5 d4 45. Rxa7+ Kf6 46.
Rc7 Rg1 47. Kd2 Rg2+ 48. Kc1 Rg1 49. Kd2 e4 50. c3 e3+ 0-1

[Event "aut_ychb18 Bad Ischl"]
[Site "?"]
[Date "2007.03.31"]
[Round "1.3"]
[White "Schwarhofer, Christopher"]
[Black "Azad, Razik"]
[Result "1-0"]
[WhiteElo "2146"]
[BlackElo "1974"]
[PlyCount "81"]
[EventDate "2007.03.31"]

1. e4 c5 2. Nf3 d6 3. d4 cxd4 4. Nxd4 Nf6 5. Nc3 a6 6. Be3 e5 7. Nb3 Be7 8. f3
Be6 9. Qd2 Nbd7 10. O-O-O b5 11. g4 b4 12. Na4 d5 13. g5 d4 14. gxf6 dxe3 15.
Qxe3 Bxf6 16. Kb1 Qc7 17. Nbc5 Nxc5 18. Qxc5 Qxc5 19. Nxc5 Bc8 20. Rd5 Be6 21.
Nxe6 fxe6 22. Rd6 Ke7 23. Rxa6 Rhd8 24. Bc4 Rxa6 25. Bxa6 Rd2 26. h4 Rf2 27.
Rh3 Kd6 28. b3 Bd8 29. Bd3 Bb6 30. a3 bxa3 31. b4 Bd4 32. Ka2 Bb2 33. h5 Rg2
34. Rh4 h6 35. Rg4 Rxg4 36. fxg4 Kc6 37. Bc4 Kb6 38. Bxe6 Kb5 39. Kb3 a2 40.
c4+ Kb6 41. Kxb2 1-0

[Event "aut_ychb18 Bad Ischl"]
[Site "?"]
[Date "2007.03.31"]
[Round "1.4"]
[White "Schmid, Andreas"]
[Black "Froewis, Georg"]
[Result "0-1"]
[WhiteElo "1927"]
[BlackElo "2141"]
[PlyCount "52"]
[EventDate "2007.03.31"]

1. e4 c5 2. Nf3 d6 3. c3 Nf6 4. Be2 Nc6 5. d4 cxd4 6. cxd4 Nxe4 7. d5 Qa5+ 8.
Nc3 Nxc3 9. bxc3 Ne5 10. Nxe5 dxe5 11. Qb3 a6 12. O-O e6 13. Bf3 Rb8 14. Bg5
Bd6 15. Rad1 O-O 16. Bg4 Re8 17. f4 exf4 18. dxe6 Bxe6 19. Bxe6 Rxe6 20. Rxd6
Rxd6 21. Bxf4 Rf6 22. g3 Re8 23. Qc4 Qb6+ 24. Kg2 Qc6+ 25. Qxc6 Rxc6 26. Rb1 b5
0-1

[Event "aut_ychb18 Bad Ischl"]
[Site "?"]
[Date "2007.03.31"]
[Round "1.5"]
[White "Radnetter, Georg"]
[Black "Pfneiszl, Markus"]
[Result "1-0"]
[WhiteElo "2094"]
[BlackElo "1893"]
[PlyCount "85"]
[EventDate "2007.03.31"]

1. e4 d5 2. exd5 Qxd5 3. Nc3 Qa5 4. d4 Nf6 5. Bc4 Bg4 6. f3 Bf5 7. Bd2 c6 8.
Nge2 e6 9. O-O Qc7 10. Bf4 Bd6 11. Bxd6 Qxd6 12. Ng3 Bg6 13. Nce4 Nxe4 14. fxe4
O-O 15. c3 Nd7 16. e5 Qe7 17. Qg4 Nb6 18. Bb3 c5 19. h4 c4 20. Bd1 f6 21. h5
Bd3 22. exf6 Rxf6 23. Rxf6 Qxf6 24. Bf3 Nd5 25. Ne4 Qh6 26. Ng5 Bf5 27. Qg3 Nf6
28. Re1 Nxh5 29. Bxh5 Qxh5 30. Nxe6 Qg4 31. Qxg4 Bxg4 32. Nc7 Rd8 33. Re5 Kf7
34. Rc5 Be2 35. Nd5 Rd7 36. Ne3 b6 37. Rc6 b5 38. a4 bxa4 39. Nxc4 Bxc4 40.
Rxc4 Ke6 41. Rxa4 Kd5 42. Rb4 h5 43. Rb5+ 1-0

[Event "aut_ychb18 Bad Ischl"]
[Site "?"]
[Date "2007.03.31"]
[Round "1.6"]
[White "Reinwald, Patrick"]
[Black "Kuran, Avelino"]
[Result "0-1"]
[WhiteElo "1865"]
[BlackElo "2056"]
[PlyCount "82"]
[EventDate "2007.03.31"]

1. e4 c5 2. Nc3 g6 3. g3 Bg7 4. Bg2 Nc6 5. d3 e6 6. f4 Nge7 7. Nf3 d5 8. O-O
O-O 9. Nh4 Rb8 10. f5 exf5 11. exf5 d4 12. Ne4 Bxf5 13. Nxc5 Qd6 14. Ne4 Bxe4
15. dxe4 Rbc8 16. Bh3 Rc7 17. Bf4 Be5 18. Bh6 Rd8 19. Qf3 f6 20. Qb3+ Kh8 21.
Qf7 Nf5 22. Nxf5 Rxf7 23. Nxd6 Rxd6 24. Bf4 Kg7 25. Rac1 g5 26. Bxe5 fxe5 27.
Rxf7+ Kxf7 28. Rf1+ Rf6 29. Rxf6+ Kxf6 30. a3 Na5 31. Bf1 Ke6 32. b4 Nc6 33.
Kf2 a5 34. b5 Ne7 35. Ke2 Kd6 36. Kd3 Kc5 37. c3 dxc3 38. Kxc3 Nc8 39. Bd3 a4
40. h4 g4 41. h5 Nd6 0-1

[Event "aut_ychb18 Bad Ischl"]
[Site "?"]
[Date "2007.03.31"]
[Round "1.7"]
[White "Lampl, Gerald"]
[Black "Ressmann, Walter"]
[Result "1/2-1/2"]
[WhiteElo "2052"]
[BlackElo "1825"]
[PlyCount "79"]
[EventDate "2007.03.31"]

1. d4 g6 2. c4 Bg7 3. Nc3 b6 4. Nf3 Bb7 5. Bf4 d6 6. e3 Nd7 7. h3 e5 8. dxe5
Bxf3 9. Qxf3 Bxe5 10. Be2 Ngf6 11. O-O O-O 12. Rac1 Bxf4 13. Qxf4 Kg7 14. Rfd1
h6 15. Bf3 Rb8 16. b4 a6 17. Qd4 Kh7 18. Be2 Qe7 19. Nd5 Qd8 20. c5 Nxd5 21.
Qxd5 bxc5 22. bxc5 Nxc5 23. Rd4 Qe7 24. Bc4 f5 25. h4 Rb2 26. h5 Ne4 27. Bxa6
Rxf2 28. Rf1 Rxf1+ 29. Bxf1 Qh4 30. hxg6+ Kxg6 31. Qe6+ Kg7 32. Rd1 Qf2+ 33.
Kh2 Qg3+ 34. Kg1 Qxe3+ 35. Kh2 Qf4+ 36. Kg1 Kh8 37. Rd3 Rf6 38. Qc8+ Kg7 39.
Rf3 Qe5 40. Qxc7+ 1/2-1/2

[Event "aut_ychb18 Bad Ischl"]
[Site "?"]
[Date "2007.03.31"]
[Round "1.8"]
[White "Redl, Stefan"]
[Black "Breneis, Lukas"]
[Result "0-1"]
[WhiteElo "1701"]
[BlackElo "2044"]
[PlyCount "92"]
[EventDate "2007.03.31"]

1. c4 e5 2. Nc3 Nf6 3. g3 Bc5 4. Nf3 Nc6 5. Bg2 d6 6. O-O O-O 7. d3 h6 8. Na4
Bb6 9. Nxb6 axb6 10. h3 Be6 11. Kh2 Qe7 12. Bd2 d5 13. b3 Rfd8 14. Qc2 e4 15.
Ne1 dxc4 16. dxc4 Nd4 17. Qb2 Nxb3 18. axb3 Rxa1 19. Qxa1 Rxd2 20. e3 Qd8 21.
Qe5 Qd6 22. Qc3 c5 23. Qa1 Kh7 24. Qb1 Bf5 25. f3 Rd1 26. Qc2 Qd2 27. Qxd2 Rxd2
28. g4 Be6 29. fxe4 Rb2 30. Nd3 Rxb3 31. Nf4 Rxe3 32. Nxe6 fxe6 33. Rb1 Nd7 34.
Rc1 Rd3 35. e5 Rd4 36. Bxb7 Nxe5 37. Ba6 Nd3 38. Rb1 Nb4 39. Bb5 e5 40. Kg3
Rd3+ 41. Kg2 e4 42. Re1 e3 43. Re2 Rd2 44. Kf3 Nc2 45. Rxd2 exd2 46. Ke2 Nd4+
0-1

[Event "aut_ychb18 Bad Ischl"]
[Site "?"]
[Date "2007.03.31"]
[Round "1.9"]
[White "Fandler, Simon"]
[Black "Wetscher, Wolfgang"]
[Result "1-0"]
[WhiteElo "2035"]
[BlackElo "1663"]
[PlyCount "91"]
[EventDate "2007.03.31"]

1. e4 d5 2. exd5 Qxd5 3. Nc3 Qa5 4. d4 Nf6 5. Nf3 c6 6. Bd3 Bg4 7. O-O e6 8.
Bf4 Bb4 9. Bd2 O-O 10. a3 Bxc3 11. Bxc3 Qd8 12. Qe2 Nbd7 13. Rfe1 Nd5 14. Bd2
N7f6 15. c4 Nb6 16. Rad1 Re8 17. Ba5 Qd7 18. Qe3 Bf5 19. Ne5 Qc8 20. Bxf5 exf5
21. Qd3 g6 22. Bxb6 axb6 23. Re2 Nd7 24. Rde1 Nxe5 25. Rxe5 Qd7 26. Rxe8+ Rxe8
27. Rxe8+ Qxe8 28. Qe3 Qxe3 29. fxe3 Kf8 30. Kf2 Ke7 31. a4 Kd6 32. Ke2 f6 33.
Kd3 g5 34. g3 h5 35. Ke2 Ke6 36. Kd3 Kd6 37. b4 Ke6 38. b5 Kd6 39. Kc3 c5 40.
Kd3 Ke6 41. a5 bxa5 42. dxc5 a4 43. Kc3 h4 44. Kb4 f4 45. exf4 gxf4 46. gxf4
1-0

[Event "aut_ychb18 Bad Ischl"]
[Site "?"]
[Date "2007.03.31"]
[Round "2.1"]
[White "Breneis, Lukas"]
[Black "Schwarhofer, Christopher"]
[Result "0-1"]
[WhiteElo "2044"]
[BlackElo "2146"]
[PlyCount "64"]
[EventDate "2007.03.31"]

1. e4 c5 2. Nf3 d6 3. d4 cxd4 4. Nxd4 Nf6 5. Nc3 g6 6. Be3 Bg7 7. Bc4 O-O 8. f3
Nc6 9. Qd2 Bd7 10. O-O-O Qa5 11. Kb1 Rfc8 12. Bb3 Ne5 13. g4 Nc4 14. Bxc4 Rxc4
15. Nb3 Qa6 16. e5 Ne8 17. Nd5 Bxe5 18. Nxe7+ Kf8 19. Rhe1 Kxe7 20. Bc5 Be6 21.
Rxe5 dxc5 22. Qg5+ f6 23. Qh4 h5 24. Rde1 Ng7 25. Nxc5 Rxc5 26. Rxc5 Qxa2+ 27.
Kc1 Qa1+ 28. Kd2 Qxb2 29. Rc7+ Kf8 30. Qg3 Qd4+ 31. Ke2 Bc4+ 32. Rxc4 Re8+ 0-1

[Event "aut_ychb18 Bad Ischl"]
[Site "?"]
[Date "2007.03.31"]
[Round "2.2"]
[White "Froewis, Georg"]
[Black "Fandler, Simon"]
[Result "1-0"]
[WhiteElo "2141"]
[BlackElo "2035"]
[PlyCount "112"]
[EventDate "2007.03.31"]

1. e4 e5 2. Nf3 Nf6 3. d4 exd4 4. e5 Ne4 5. Qxd4 d5 6. exd6 Nxd6 7. Nc3 Nc6 8.
Qf4 g6 9. Be3 Bg7 10. O-O-O Qf6 11. Qxf6 Bxf6 12. Nd5 Bd8 13. Bf4 Be6 14. Nxc7+
Bxc7 15. Bxd6 O-O-O 16. Bxc7 Rxd1+ 17. Kxd1 Kxc7 18. Bb5 Bg4 19. Bxc6 Kxc6 20.
Re1 Bxf3+ 21. gxf3 Rd8+ 22. Ke2 Rd5 23. Kf1 Kd6 24. Re3 Rh5 25. Rd3+ Kc7 26.
Rc3+ Kd7 27. Kg2 Rg5+ 28. Kh1 Rf5 29. h3 Re5 30. Rd3+ Kc6 31. Re3 Rc5 32. c3
Ra5 33. a3 Kd6 34. Kg2 Rd5 35. Re8 Rg5+ 36. Kf1 Rb5 37. b4 Rf5 38. Ke2 Rh5 39.
Rf8 f5 40. Rf7 Kc6 41. a4 a6 42. Rf6+ Kc7 43. Rf7+ Kc6 44. Rf6+ Kc7 45. a5 Rxh3
46. Ke3 Rh4 47. f4 Rh1 48. Kd4 Rd1+ 49. Kc5 Rd7 50. c4 h5 51. b5 axb5 52. cxb5
Rh7 53. b6+ Kd7 54. Rf8 Ke6 55. a6 bxa6 56. Kc6 g5 1-0

[Event "aut_ychb18 Bad Ischl"]
[Site "?"]
[Date "2007.03.31"]
[Round "2.3"]
[White "Klocker, Benedikt"]
[Black "Radnetter, Georg"]
[Result "0-1"]
[WhiteElo "2008"]
[BlackElo "2094"]
[PlyCount "80"]
[EventDate "2007.03.31"]

1. e4 c5 2. Nf3 e6 3. d4 cxd4 4. Nxd4 a6 5. Bd3 Bc5 6. Nb3 Ba7 7. O-O Nc6 8.
Qe2 d6 9. Be3 Nf6 10. N1d2 O-O 11. f4 b5 12. Bxa7 Rxa7 13. e5 Nd5 14. Rf3 f5
15. c4 bxc4 16. Nxc4 dxe5 17. Nxe5 Nxf4 18. Rxf4 Nxe5 19. Bxf5 Qb6+ 20. Kh1 Ng6
21. Bxg6 Rxf4 22. Be4 Bb7 23. Bxb7 Rxb7 24. h3 Rbf7 25. Re1 Rf2 26. Qc4 h6 27.
Nc5 Qc6 28. Rg1 Rxb2 29. Qd4 Re2 30. Nd3 Qd5 31. Qxd5 exd5 32. Nb4 Rb2 33. a3
Rb3 34. Ra1 d4 35. Nxa6 Ra7 36. Nc5 Rbxa3 37. Rd1 Ra1 38. Rxa1 Rxa1+ 39. Kh2
Rc1 40. Nb3 d3 0-1

[Event "aut_ychb18 Bad Ischl"]
[Site "?"]
[Date "2007.03.31"]
[Round "2.4"]
[White "Kuran, Avelino"]
[Black "Bisztyga, Oliver"]
[Result "1/2-1/2"]
[WhiteElo "2056"]
[BlackElo "1600"]
[PlyCount "78"]
[EventDate "2007.03.31"]

1. e4 c5 2. Nf3 Nf6 3. Nc3 d6 4. d4 cxd4 5. Nxd4 g6 6. f4 Bg7 7. e5 Nh5 8. Bb5+
Bd7 9. e6 fxe6 10. Nxe6 Bxc3+ 11. bxc3 Qa5 12. Qd4 Nf6 13. Rb1 Nc6 14. Bxc6
bxc6 15. Ng5 Qxa2 16. Rb7 Qxc2 17. O-O h6 18. Re1 Qf5 19. Ne4 O-O 20. Nxf6+
exf6 21. Re7 Rad8 22. Qxd6 Rf7 23. Ba3 Qd5 24. Rxf7 Qxd6 25. Bxd6 Kxf7 26. Bc7
Ra8 27. Bb8 Ke6 28. Bxa7 f5 29. Kf2 g5 30. Ke3 Rg8 31. Rb2 Rg7 32. h3 Kd5 33.
Kd3 gxf4 34. c4+ Ke6 35. Re2+ Kf7 36. Bb8 Rg3+ 37. Kd2 Be6 38. Bxf4 Ra3 39.
Bxh6 Ra2+ 1/2-1/2

[Event "aut_ychb18 Bad Ischl"]
[Site "?"]
[Date "2007.03.31"]
[Round "2.5"]
[White "Heiny, Johannes"]
[Black "Lampl, Gerald"]
[Result "1/2-1/2"]
[WhiteElo "2182"]
[BlackElo "2052"]
[PlyCount "65"]
[EventDate "2007.03.31"]

1. d4 Nf6 2. c4 g6 3. Nc3 Bg7 4. e4 d6 5. Be2 O-O 6. Bg5 Nc6 7. d5 Ne5 8. Nf3
h6 9. Be3 Nfg4 10. Bd4 c5 11. dxc6 bxc6 12. Nxe5 Nxe5 13. f4 c5 14. Be3 Nc6 15.
Qd2 Nd4 16. O-O Kh7 17. Bd3 f5 18. Kh1 e6 19. Rae1 Rb8 20. b3 Qa5 21. Ne2 Qxd2
22. Bxd2 Bb7 23. Nxd4 Bxd4 24. exf5 exf5 25. Re7+ Kg8 26. Rfe1 Bf6 27. Rd7 Rfd8
28. Rxd8+ Rxd8 29. Ba5 Rd7 30. Kg1 Kf7 31. Kf1 Re7 32. Rxe7+ Kxe7 33. h3
1/2-1/2

[Event "aut_ychb18 Bad Ischl"]
[Site "?"]
[Date "2007.03.31"]
[Round "2.6"]
[White "Ressmann, Walter"]
[Black "Weinberger, Simon"]
[Result "1/2-1/2"]
[WhiteElo "1825"]
[BlackElo "1982"]
[PlyCount "39"]
[EventDate "2007.03.31"]

1. d4 Nf6 2. g3 e6 3. Bg2 d5 4. Nf3 c5 5. b3 Qa5+ 6. Qd2 Qb6 7. O-O Nc6 8. Bb2
cxd4 9. Nxd4 Bc5 10. Nxc6 bxc6 11. Bxf6 gxf6 12. Qh6 Ke7 13. e3 Ba6 14. Re1
Rag8 15. a3 Rg6 16. Qh4 d4 17. Qe4 dxe3 18. fxe3 f5 19. Qf3 f4 20. Qxf4 1/2-1/2

[Event "aut_ychb18 Bad Ischl"]
[Site "?"]
[Date "2007.03.31"]
[Round "2.7"]
[White "Pfneiszl, Markus"]
[Black "Pachta, Paul"]
[Result "0-1"]
[WhiteElo "1893"]
[BlackElo "2256"]
[PlyCount "42"]
[EventDate "2007.03.31"]

1. e4 c5 2. Nf3 d6 3. d4 cxd4 4. Nxd4 Nf6 5. Nc3 g6 6. Be3 Bg7 7. f3 Nc6 8. Qd2
a6 9. O-O-O h5 10. Bc4 Na5 11. Bb3 b5 12. Nd5 Bb7 13. Nxf6+ Bxf6 14. Bg5 Bg7
15. Bd5 Rc8 16. Be6 Rc5 17. b4 Rxg5 18. Qxg5 Bh6 19. Qxh6 Rxh6 20. bxa5 fxe6
21. Nxe6 Qxa5 0-1

[Event "aut_ychb18 Bad Ischl"]
[Site "?"]
[Date "2007.03.31"]
[Round "2.8"]
[White "Azad, Razik"]
[Black "Reinwald, Patrick"]
[Result "1-0"]
[WhiteElo "1974"]
[BlackElo "1865"]
[PlyCount "79"]
[EventDate "2007.03.31"]

1. e4 e5 2. Nf3 Nc6 3. Bb5 Nf6 4. O-O Nxe4 5. d4 Nd6 6. Bxc6 dxc6 7. dxe5 Nf5
8. Qxd8+ Kxd8 9. Nc3 Ke8 10. Bf4 Be6 11. Rad1 Be7 12. Ne4 h6 13. Rd2 Rd8 14.
Rfd1 Rxd2 15. Rxd2 a5 16. a3 Bd5 17. Ng3 Nxg3 18. hxg3 Bc5 19. Rd1 g5 20. Bd2
Bxf3 21. gxf3 a4 22. f4 gxf4 23. Bxf4 h5 24. Kg2 Ke7 25. Bg5+ Ke6 26. f4 Re8
27. Kf3 Be7 28. Bxe7 Kxe7 29. f5 Rg8 30. Rd4 b5 31. Rh4 Rg5 32. Kf4 f6 33. e6
c5 34. g4 hxg4 35. Rxg4 Rh5 36. Rg7+ Kd8 37. Rd7+ Ke8 38. Rxc7 Rh4+ 39. Ke3 Rc4
40. c3 1-0

[Event "aut_ychb18 Bad Ischl"]
[Site "?"]
[Date "2007.03.31"]
[Round "2.9"]
[White "Wetscher, Wolfgang"]
[Black "Schmid, Andreas"]
[Result "1/2-1/2"]
[WhiteElo "1663"]
[BlackElo "1927"]
[PlyCount "47"]
[EventDate "2007.03.31"]

1. Nf3 d5 2. d4 Bf5 3. g3 e6 4. Bg2 Nf6 5. c3 c5 6. Qa4+ Nc6 7. Ne5 Qb6 8. Nxc6
bxc6 9. O-O Bd6 10. Nd2 O-O 11. dxc5 Bxc5 12. Nf3 Be4 13. Nd4 Rac8 14. Qd1 e5
15. Nb3 Bd6 16. Bg5 Bxg2 17. Kxg2 Ne4 18. Be3 Qb7 19. f3 Nf6 20. Qd2 c5 21.
Rad1 h6 22. Bxh6 gxh6 23. Qxh6 Be7 24. Qg5+ 1/2-1/2

[Event "aut_ychb18 Bad Ischl"]
[Site "?"]
[Date "2007.04.01"]
[Round "3.1"]
[White "Schwarhofer, Christopher"]
[Black "Froewis, Georg"]
[Result "1-0"]
[WhiteElo "2146"]
[BlackElo "2141"]
[PlyCount "81"]
[EventDate "2007.03.31"]

1. e4 e6 2. d4 d5 3. Nc3 Bb4 4. e5 c5 5. a3 Bxc3+ 6. bxc3 Ne7 7. Qg4 Qc7 8.
Qxg7 Rg8 9. Qxh7 cxd4 10. Ne2 Nbc6 11. f4 Bd7 12. Qd3 dxc3 13. Nxc3 a6 14. Rb1
Rc8 15. h4 Nf5 16. Rh3 Nce7 17. Bd2 Nh6 18. Rg3 Rh8 19. Rg5 Nhg8 20. Qg3 Bc6
21. Bd3 Nh6 22. Qf2 Nhg8 23. h5 f6 24. exf6 Nxf6 25. Qd4 Kf7 26. g4 Rcg8 27.
Qg1 e5 28. fxe5 Rxg5 29. exf6 Re5+ 30. Kd1 d4 31. Qxd4 Bf3+ 32. Kc1 Nc6 33.
Qc4+ Kf8 34. Ne2 Qd7 35. Nf4 Qd6 36. Rxb7 Ke8 37. Qxa6 Rh6 38. f7+ Kf8 39. Qa8+
Qd8 40. Bb4+ Rd6 41. Ng6+ 1-0

[Event "aut_ychb18 Bad Ischl"]
[Site "?"]
[Date "2007.04.01"]
[Round "3.2"]
[White "Radnetter, Georg"]
[Black "Kuran, Avelino"]
[Result "0-1"]
[WhiteElo "2094"]
[BlackElo "2056"]
[PlyCount "80"]
[EventDate "2007.03.31"]

1. e4 c5 2. Nf3 d6 3. d4 cxd4 4. Nxd4 Nf6 5. Nc3 g6 6. Be3 Bg7 7. f3 Nc6 8. Qd2
O-O 9. Bc4 Bd7 10. Bb3 Rc8 11. O-O-O Ne5 12. Kb1 Re8 13. g4 b5 14. h4 b4 15.
Nd5 Nxd5 16. Bxd5 e6 17. Bb7 Nc4 18. Qd3 Nxe3 19. Qxe3 Rc4 20. Nb3 Qf6 21. Qc1
Rc7 22. Ba6 Qxf3 23. Rxd6 Bc6 24. Rg1 Bxe4 25. Bd3 Bxd3 26. Rxd3 Qf2 27. Rgd1
Qxh4 28. g5 Qc4 29. Rd8 Rc8 30. R8d7 Rc7 31. Rd8 Rxd8 32. Rxd8+ Bf8 33. Qd1 Rc8
34. Rd7 a5 35. Qd2 a4 36. Nc1 a3 37. Qf2 e5 38. Nd3 Re8 39. b3 Qe6 40. Nxe5 Bg7
0-1

[Event "aut_ychb18 Bad Ischl"]
[Site "?"]
[Date "2007.04.01"]
[Round "3.3"]
[White "Bisztyga, Oliver"]
[Black "Heiny, Johannes"]
[Result "0-1"]
[WhiteElo "1600"]
[BlackElo "2182"]
[PlyCount "108"]
[EventDate "2007.03.31"]

1. e4 c6 2. d4 d5 3. exd5 cxd5 4. c4 Nf6 5. Nc3 Nc6 6. Nf3 e6 7. Be2 Be7 8. O-O
O-O 9. Ne5 dxc4 10. Nxc6 bxc6 11. Bxc4 Qb6 12. b3 Rd8 13. Be3 Ba6 14. Qe2 Bxc4
15. Qxc4 Nd5 16. Na4 Qa5 17. Rac1 Nxe3 18. fxe3 Qd2 19. Rfe1 Qxa2 20. Ra1 Qd2
21. Re2 Qb4 22. Qxb4 Bxb4 23. Rc1 Rac8 24. Rc4 a5 25. Rec2 Rd6 26. Nb6 Rc7 27.
Na8 Ra7 28. Nb6 Rc7 29. Na8 Rb7 30. Rxc6 Rxc6 31. Rxc6 g6 32. Kf2 Kg7 33. Kf3
h5 34. h3 Kf6 35. d5 Ke5 36. dxe6 fxe6 37. Rb6 Rf7+ 38. Ke2 Rd7 39. Kf3 Rd3 40.
Rb5+ Kf6 41. Nb6 Rxb3 42. Nc4 a4 43. g4 hxg4+ 44. hxg4 Bc3 45. g5+ Ke7 46. Rc5
Rb7 47. Na3 Bb4 48. Rc4 Bxa3 49. Rxa4 Bd6 50. Ra2 Kf7 51. Ra6 Be7 52. Ra5 Rc7
53. Kf4 Rc5 54. Ra7 Rf5+ 0-1

[Event "aut_ychb18 Bad Ischl"]
[Site "?"]
[Date "2007.04.01"]
[Round "3.4"]
[White "Pachta, Paul"]
[Black "Azad, Razik"]
[Result "1/2-1/2"]
[WhiteElo "2256"]
[BlackElo "1974"]
[PlyCount "58"]
[EventDate "2007.03.31"]

1. Nf3 Nf6 2. c4 c5 3. Nc3 g6 4. d4 cxd4 5. Nxd4 d5 6. Bg5 Ne4 7. Nxe4 dxe4 8.
Nb5 Qxd1+ 9. Rxd1 Na6 10. Be3 Bg7 11. Bd4 O-O 12. e3 Rd8 13. Be2 Bd7 14. O-O b6
15. Bxg7 Kxg7 16. Nc3 Bc6 17. a3 Nc5 18. Rxd8 Rxd8 19. Rd1 Rxd1+ 20. Bxd1 Nd3
21. b3 f5 22. Bc2 Ne5 23. Kf1 Kf6 24. Ne2 Ke6 25. Nd4+ Kd6 26. Ke2 a5 27. Nxc6
Kxc6 28. f3 exf3+ 29. gxf3 a4 1/2-1/2

[Event "aut_ychb18 Bad Ischl"]
[Site "?"]
[Date "2007.04.01"]
[Round "3.5"]
[White "Lampl, Gerald"]
[Black "Klocker, Benedikt"]
[Result "1-0"]
[WhiteElo "2052"]
[BlackElo "2008"]
[PlyCount "103"]
[EventDate "2007.03.31"]

1. d4 d5 2. c4 e6 3. Nc3 Nf6 4. cxd5 exd5 5. Bg5 c6 6. e3 Be7 7. Qc2 O-O 8. Bd3
Nbd7 9. Nf3 Re8 10. O-O Nf8 11. Rab1 Ng6 12. b4 Be6 13. b5 c5 14. Bxf6 gxf6 15.
dxc5 Bxc5 16. Ne2 Rc8 17. Qb2 Bg4 18. Ned4 Ne5 19. Be2 Nxf3+ 20. Bxf3 Bxd4 21.
Qxd4 Bxf3 22. gxf3 Rc4 23. Qd3 Qd7 24. Kh1 Kh8 25. Rg1 Rh4 26. Rg3 Rh6 27. Qd4
b6 28. Qf4 Rg6 29. Rxg6 hxg6 30. Qxf6+ Kg8 31. Kg2 Re6 32. Qd4 f6 33. a4 Re5
34. Rd1 Kg7 35. h4 Rh5 36. Qg4 Qc7 37. Rd4 f5 38. Qf4 Qe7 39. Rxd5 Rxh4 40. Rd7
Qxd7 41. Qxh4 Qd6 42. Qg3 Qe7 43. Qf4 Kf6 44. Qd4+ Kf7 45. Qc4+ Kf6 46. Qh4+ g5
47. Qd4+ Kg6 48. e4 fxe4 49. Qxe4+ Qxe4 50. fxe4 Kf6 51. Kg3 Ke5 52. f3 1-0

[Event "aut_ychb18 Bad Ischl"]
[Site "?"]
[Date "2007.04.01"]
[Round "3.6"]
[White "Weinberger, Simon"]
[Black "Breneis, Lukas"]
[Result "0-1"]
[WhiteElo "1982"]
[BlackElo "2044"]
[PlyCount "86"]
[EventDate "2007.03.31"]

1. d4 Nf6 2. c4 g6 3. Nc3 Bg7 4. e4 d6 5. Nf3 O-O 6. Be2 e5 7. O-O Nc6 8. d5
Ne7 9. b4 Nd7 10. Be3 f5 11. Ng5 Nf6 12. f3 Bh6 13. h4 f4 14. Bf2 Bxg5 15. hxg5
Nh5 16. Qc2 Bd7 17. c5 Nc8 18. Bh4 h6 19. c6 bxc6 20. dxc6 Be6 21. Nd5 Bxd5 22.
exd5 Kh7 23. Bd3 Rg8 24. Ba6 hxg5 25. Bf2 Kg7 26. Bb7 Rb8 27. b5 Ng3 28. Rfe1
g4 29. Bxc8 Rxc8 30. fxg4 Qh4 31. Bxa7 f3 32. Qd3 Qh1+ 33. Kf2 Qxg2+ 34. Ke3 f2
35. Rf1 Rgf8 36. Kd2 Nxf1+ 37. Rxf1 Ra8 38. b6 cxb6 39. Qa6 Qxd5+ 40. Ke2 Qxc6
41. Rxf2 Qc2+ 42. Ke3 Qxf2+ 43. Ke4 Qd4# 0-1

[Event "aut_ychb18 Bad Ischl"]
[Site "?"]
[Date "2007.04.01"]
[Round "3.7"]
[White "Fandler, Simon"]
[Black "Redl, Stefan"]
[Result "1-0"]
[WhiteElo "2035"]
[BlackElo "1701"]
[PlyCount "43"]
[EventDate "2007.03.31"]

1. e4 c5 2. Nf3 d6 3. d4 cxd4 4. Nxd4 Nf6 5. Nc3 g6 6. Be3 Bg7 7. f3 O-O 8. Qd2
Nc6 9. g4 Bd7 10. O-O-O Rc8 11. h4 Nxd4 12. Bxd4 Qa5 13. Kb1 Rfe8 14. h5 b5 15.
hxg6 hxg6 16. g5 Nh5 17. Bxg7 Nxg7 18. Qd4 Be6 19. Nd5 Rc5 20. b4 Qa3 21. bxc5
dxc5 22. Qc3 1-0

[Event "aut_ychb18 Bad Ischl"]
[Site "?"]
[Date "2007.04.01"]
[Round "3.8"]
[White "Schmid, Andreas"]
[Black "Ressmann, Walter"]
[Result "1/2-1/2"]
[WhiteElo "1927"]
[BlackElo "1825"]
[PlyCount "34"]
[EventDate "2007.03.31"]

1. e4 e6 2. d4 d5 3. e5 c5 4. c3 Nc6 5. Nf3 Qb6 6. Bd3 cxd4 7. cxd4 Bd7 8. O-O
Nxd4 9. Nxd4 Qxd4 10. Nc3 a6 11. Re1 Qa7 12. Qg4 Ne7 13. Be3 b6 14. a4 Qb8 15.
Qd4 Nc6 16. Qxb6 Qc8 17. Bg5 h6 1/2-1/2

[Event "aut_ychb18 Bad Ischl"]
[Site "?"]
[Date "2007.04.01"]
[Round "3.9"]
[White "Reinwald, Patrick"]
[Black "Wetscher, Wolfgang"]
[Result "1/2-1/2"]
[WhiteElo "1865"]
[BlackElo "1663"]
[PlyCount "99"]
[EventDate "2007.03.31"]

1. e4 d5 2. exd5 Qxd5 3. Nc3 Qa5 4. d4 Nf6 5. Nf3 c6 6. Bc4 Bf5 7. Ne5 e6 8. g4
Bg6 9. h4 Be4 10. f3 Bd5 11. Qe2 Bxc4 12. Nxc4 Qc7 13. Ne5 Nbd7 14. Bf4 Bd6 15.
O-O-O Nd5 16. Nxd5 cxd5 17. Kb1 Nxe5 18. Bxe5 Bxe5 19. dxe5 O-O 20. g5 Rac8 21.
h5 Qc4 22. Qd2 Rc7 23. h6 g6 24. Rh2 Rfc8 25. b3 Qc5 26. Qf4 Qe7 27. Qf6 Qxf6
28. gxf6 Rc3 29. Rd3 Kf8 30. Rhd2 Ke8 31. Kb2 Rxd3 32. Rxd3 Rc6 33. a4 Rb6 34.
Rd4 Rc6 35. Rb4 Rc7 36. Rd4 Rd7 37. a5 Kd8 38. b4 Kc8 39. Kb3 Rc7 40. c4 Rxc4
41. Rxc4+ dxc4+ 42. Kxc4 Kd7 43. Kb5 Kc7 44. Kc5 Kd7 45. b5 Kc7 46. b6+ axb6+
47. axb6+ Kd7 48. f4 Ke8 49. Kd6 Kd8 50. Kc5 1/2-1/2

[Event "aut_ychb18 Bad Ischl"]
[Site "?"]
[Date "2007.04.02"]
[Round "4.3"]
[White "Froewis, Georg"]
[Black "Lampl, Gerald"]
[Result "1-0"]
[WhiteElo "2141"]
[BlackElo "2052"]
[PlyCount "115"]
[EventDate "2007.03.31"]

1. e4 c6 2. d4 d5 3. exd5 cxd5 4. c4 Nf6 5. Nc3 Nc6 6. Nf3 Bg4 7. cxd5 Nxd5 8.
Qb3 Bxf3 9. gxf3 e6 10. Qxb7 Nxd4 11. Bb5+ Nxb5 12. Qc6+ Ke7 13. Qxb5 Qd7 14.
Nxd5+ Qxd5 15. Bg5+ f6 16. Qxd5 exd5 17. Be3 Ke6 18. a3 Be7 19. O-O-O Rhd8 20.
Rhe1 Kf5 21. Kb1 Rd7 22. Rd4 g5 23. Red1 Ke6 24. R4d3 Rc8 25. f4 h6 26. fxg5
hxg5 27. Bd4 Rh8 28. Re1+ Kf7 29. h3 Rh4 30. b4 a6 31. Kb2 Rb7 32. Ka2 Rc7 33.
Kb3 Re4 34. Be3 Ke6 35. f3 Re5 36. a4 Rc4 37. Bd2 Rxe1 38. Bxe1 Bd6 39. b5 axb5
40. axb5 Bc5 41. Rd1 Rf4 42. Rd3 Rc4 43. Ba5 Kd6 44. Be1 Rd4 45. Bg3+ Kd7 46.
Kc3 Rxd3+ 47. Kxd3 Kc8 48. Be1 Kb7 49. Ba5 Bf2 50. Bc3 f5 51. Bf6 Kb6 52. Bd4+
Bxd4 53. Kxd4 Kxb5 54. Kxd5 f4 55. Ke5 Kc4 56. Kf5 Kd4 57. Kxg5 Ke3 58. Kg4 1-0

[Event "aut_ychb18 Bad Ischl"]
[Site "?"]
[Date "2007.04.02"]
[Round "4.4"]
[White "Breneis, Lukas"]
[Black "Radnetter, Georg"]
[Result "1-0"]
[WhiteElo "2044"]
[BlackElo "2094"]
[PlyCount "67"]
[EventDate "2007.03.31"]

1. c4 e5 2. Nc3 Nf6 3. g3 d5 4. cxd5 Nxd5 5. Bg2 Nb6 6. Nf3 Nc6 7. O-O Be7 8.
d3 O-O 9. a3 Re8 10. b4 Bf8 11. Qc2 a5 12. b5 Nd4 13. Nxd4 exd4 14. Ne4 Be6 15.
Bb2 Bd5 16. Rfe1 f5 17. Nd2 Bxg2 18. Kxg2 Re5 19. Nf3 Rd5 20. Rac1 Rc8 21. Qb3
a4 22. Qa2 Kh8 23. Qa1 Rxb5 24. Nxd4 Rxb2 25. Qxb2 Bxa3 26. Qxa3 Qxd4 27. Rxc7
Qd5+ 28. e4 fxe4 29. Rxc8+ Nxc8 30. Qf8+ Qg8 31. Qxg8+ Kxg8 32. Rxe4 Nb6 33.
Rb4 a3 34. Rb3 1-0